000 00932nam a2200253 i 4500
001 46537
003 ES-MaACL
005 20250830073541.0
007 t|
008 030331s1950 sp |||| | spa d
040 _cES-MaACL
080 _a2-282.4
111 2 _aCongreso Nacional del Catecismo
_n(4º.
_d1950.
_cMadrid)
_9565
245 1 3 _aEl Instituto San José de Calasanz de Pedagogía en el IV Congreso Nacional del Catecismo /
_cprecedido del discurso de José Ibáñez Martín.
260 _aMadrid :
_bConsejo Superior de Investigaciones Científicas,
_c1950.
300 _a79 páginas ;
_c23 cm.
650 0 7 _aCatecismos
_2embne
_910845
700 1 _aIbáñez Martín, José,
_d1896-1969
_964934
_eaui
710 2 _aInstituto San José de Calasanz de Pedagogía
_9163009
852 _aES-MaACL
_cDEPOF
_j1916-F-18
942 _cFOLLETOS
_n0
999 _c46537
_d46537